| Tag |
First Indicator |
Second Indicator |
Subfields |
| LEADER |
00000cam a2200000 a 4500 |
| 001 |
in00001290713 |
| 005 |
20151004085823.0 |
| 008 |
960412s1996 nyuc 000 0 eng d |
| 020 |
|
|
|a 0912678909
|
| 035 |
|
|
|a (OCoLC)34563778
|
| 035 |
|
|
|9 AGZ5192AM
|
| 040 |
|
|
|a NTE
|c NTE
|d TXA
|d UtOrBLW
|
| 049 |
|
|
|a TXAM
|
| 090 |
|
|
|a PS647.A75
|b I58 1996
|
| 245 |
0 |
0 |
|a Into the fire :
|b Asian American prose /
|c edited by Sylvia Watanabe and Carol Bruchac.
|
| 250 |
|
|
|a 1st ed.
|
| 264 |
|
1 |
|a Greenfield Center, N.Y. :
|b Greenfield Review Press ;
|c [1996]
|
| 264 |
|
2 |
|a New York, N.Y. :
|b Distributed by the Talman Co.,
|
| 264 |
|
4 |
|c ©1996
|
| 300 |
|
|
|a 389 pages :
|b portraits ;
|c 23 cm.
|
| 336 |
|
|
|a text
|b txt
|2 rdacontent
|
| 337 |
|
|
|a unmediated
|b n
|2 rdamedia
|
| 338 |
|
|
|a volume
|b nc
|2 rdacarrier
|
| 650 |
|
0 |
|a American prose literature
|x Asian American authors.
|
| 650 |
|
0 |
|a American prose literature
|y 20th century.
|
| 650 |
|
0 |
|a Asian Americans
|x Literary collections.
|
| 700 |
1 |
|
|a Watanabe, Sylvia.
|
| 700 |
1 |
|
|a Bruchac, Carol.
|
| 999 |
|
|
|a MARS
|
| 999 |
f |
f |
|s 82280880-c507-3fd1-b7a7-16734722d97f
|i c59e5165-a44c-3848-b3ab-02126f16c9e6
|t 0
|
| 952 |
f |
f |
|p ric
|a Texas A&M University
|b Rellis Campus
|c Joint Library Facility
|d Remote Storage
|t 0
|e PS647.A75 I58 1996
|h Library of Congress classification
|i unmediated -- volume
|m A14820053834
|
| 998 |
f |
f |
|a PS647.A75 I58 1996
|t 0
|l Remote Storage
|